000 00588nam a2200181Ia 4500
008 090123s9999 xx 000 0 und d
082 _b38002
100 _aनाईक वसंत
245 _aक्रिकेट कॅलिडोस्कोप
250 _a1
260 _bअनघा प्रकाशन
_c2005
300 _a104
600 _aनाईक वसंत
630 _aक्रिकेट कॅलिडोस्कोप
700 _aनाईक वसंत
730 _aक्रिकेट कॅलिडोस्कोप
942 _cBOOK
999 _c76070
_d76070